<?xml version="1.0" encoding="UTF-8"?>
<marc:record xmlns:marc="http://www.loc.gov/MARC21/slim">
   <marc:leader>00000nam a2200000 a 4500</marc:leader>
   <marc:datafield ind1="1" ind2=" " tag="100">
      <marc:subfield code="a">Horn, Julia</marc:subfield>
   </marc:datafield>
   <marc:datafield ind1="0" ind2="0" tag="245">
      <marc:subfield code="a">BruderLiebe</marc:subfield>
   </marc:datafield>
   <marc:datafield ind1=" " ind2="1" tag="264">
      <marc:subfield code="a">Tübingen</marc:subfield>
      <marc:subfield code="b">Good Movies</marc:subfield>
      <marc:subfield code="c">2022</marc:subfield>
   </marc:datafield>
   <marc:datafield ind1="1" ind2=" " tag="520">
      <marc:subfield code="a">Markus Becker wird von einem Auto erfasst und fällt ins Koma. Die Ärzte geben ihm nur noch wenige Tage. Markus' Vater bestellt ein Grab. Nur Michael, einer von Markus' Brüdern, lehnt sich auf. Mit unglaublicher Kreativität und Intuition will er Markus in dieser Welt halten. Ist Markus noch da? Michael, sein Bruder, ist fest davon überzeugt. Mit unerschütterlichem Glauben, kreativen Ideen und sogar Humor gelingt es Michael seinen Bruder aus dem Wachkoma zu holen.</marc:subfield>
   </marc:datafield>
   <marc:datafield ind1=" " ind2=" " tag="020">
      <marc:subfield code="a">4015698494532</marc:subfield>
      <marc:subfield code="9">4015698494532</marc:subfield>
   </marc:datafield>
   <marc:datafield ind1="0" ind2=" " tag="490">
      <marc:subfield code="v">0</marc:subfield>
   </marc:datafield>
   <marc:datafield ind1=" " ind2=" " tag="300">
      <marc:subfield code="a">106 Min.</marc:subfield>
   </marc:datafield>
</marc:record>
